00922cam a22002171 4500001001300000003000400013005001700017008004100034010002300075040004700098043002100145050005500166110004000221245022600261260004400487300001800531440006300549650003700612651003800649999001700687pa 61000031 DLC20260227111855.0780328s1961 dcu 000 0 eng c apa 61000031 //r924 aPan American Union. Library.cWMaUCSdDLC as------an------00aF1405.5 1959b.O7 OEA/Ser.I/VI.2, CIJ-58 (English)20aInter-American Juridical Committee.10aOpinion on the legal aspects of the draft declaration on nonintervention presented by the Mexican delegation.bPrepared in accordance with Resolution V of the fifth Meeting of Consultation of Ministers of Foreign Affairs.0 aWashington,bPan American Union,c1961. a29 p.c28 cm. 0a[OAS official records] ;vOEA/Ser.I/VI.2, CIJ-58 (English) 0aIntervention (International law) 0aAmericaxPolitics and government. c51464d51464